Jándalos : arte y sociedad entre Cantabria y Andalucía /

Bibliographic Details
Main Authors: Á́ramburu-Zabala Higuera, Miguel Á́ngel (Author), Soldevilla Oria, Consuelo, 1945- (Author)
Format: Electronic eBook
Language:Spanish
Published: Santander : Ediciones Universidad Cantabria, 2024.
Series:Colección Analectas ; #101.
Subjects:
Online Access:Digitalia Hispánica

MARC

LEADER 00000nam a2200000Ii 4500
001 DIGUCANT0187
003 NyNyDIG
006 m o d
007 cr |||||||||||
008 241208s2024 sp a ob 000 0 spa d
035 |a (OCoLC)1479208073 
040 |a DGITA  |b eng  |e rda  |e pn  |c DGITA 
020 |a 9788419024725  |q (pdf) 
020 |z 9788481026795  |q (rústica) 
043 |a e-sp--- 
050 1 4 |a DP302.S36 ebook 
100 1 |a Á́ramburu-Zabala Higuera, Miguel Á́ngel,  |e author. 
245 1 0 |a Jándalos :  |b arte y sociedad entre Cantabria y Andalucía /  |c Miguel Ángel Aramburu-Zabala Higuera y Consuelo Soldevilla Oria. 
264 1 |a Santander :  |b Ediciones Universidad Cantabria,  |c 2024. 
300 |a 1 online resource :  |b illustrations. 
336 |a text  |b txt  |2 rdacontent 
337 |a computer  |b c  |2 rdamedia 
338 |a online resource  |b cr  |2 rdacarrier 
347 |a text file  |2 rdaft 
347 |b PDF 
490 1 |a Colección Analectas ;  |v #101 
504 |a Includes bibliographical references. 
588 0 |a Online resource; title from PDF title page (Digitalia, viewed December 8, 2024) 
650 0 |a Cantabrians  |z Spain  |z Andalusia. 
651 0 |a Cantabria (Spain)  |x Relations  |z Spain  |z Andalusia. 
651 0 |a Cantabria (Spain)  |x Emigration and immigration  |x History. 
700 1 |a Soldevilla Oria, Consuelo,  |d 1945-  |e author. 
776 0 8 |i Print version:  |a Á́ramburu-Zabala Higuera, Miguel Á́ngel.  |t Jándalos.  |d Santander : Ediciones Universidad Cantabria, 2024  |z 9788481026795 
791 2 |a Digitalia (Firm),  |e distributor. 
793 0 |g Digitalia eBook Collection:  |a Universidad de Cantabria 
830 0 |a Colección Analectas ;  |v #101. 
856 4 0 |3 Digitalia Hispánica  |u https://www.digitaliapublishing.com/a/159288/ 
910 |a Premium collection: 2024